Les lacs du Puy-de-Dôme - Statistiques

Statistiques générales
  • Ce quiz a été pris 6 fois
  • Le résultat moyen est 4 sur 10
Statistiques - réponses
superficie lac % Correct
65 ha Aydat
100%
60 ha Chambon
100%
44 ha Pavin
75%
32 ha Gour de Tazenat
50%
15 ha La Godivelle
50%
40 ha Montcineyre
25%
15 ha Servières
25%
54 ha Chauvet
0%
37 ha Guéry
0%
17 ha La Landie
0%
Aucun quiz correspondant
Distribution des résultats
% des personnes avec chaque résultat
Percentile par nombre de réponses
Votre historique - résultats
Vous n’avez pas pris ce quiz